Flags of Western Tokyo - Statistics

General Stats
  • This quiz has been taken 5 times
  • The average score is 11 of 30
Answer Stats
Picture Answer % Correct
八王子市 (Hachiōji)
100%
日野市 (Hino)
60%
狛江市 (Komae)
60%
三鷹市 (Mitaka)
60%
青梅市 (Ōme)
60%
立川市 (Tachikawa)
60%
多摩市 (Tama)
60%
昭島市 (Akishima)
40%
調布市 (Chōfu)
40%
福生市 (Fussa)
40%
羽村市 (Hamura)
40%
日の出町 (Hinode)
40%
檜原村 (Hinohara)
40%
国立市 (Kunitachi)
40%
町田市 (Machida)
40%
瑞穂町 (Mizuho)
40%
奥多摩町 (Okutama)
40%
あきる野市 (Akiruno)
20%
府中市 (Fuchū)
20%
東久留米市 (Higashi-Kurume)
20%
東村山市 (Higashi-Murayama)
20%
東大和市 (Higashi-Yamato)
20%
稲城市 (Inagi)
20%
清瀬市 (Kiyose)
20%
小平市 (Kodaira)
20%
小金井市 (Koganei)
20%
国分寺市 (Kokubunji)
20%
武蔵村山市 (Musashi-Murayama)
20%
武蔵野市 (Musashino)
20%
西東京市 (Nishi-Tōkyō)
20%
No matching quizzes found
Score Distribution
Percent of People with Each Score
Percentile by Number Answered
Your Score History
You have not taken this quiz